Acteurs américains 2 - Statistiques

Statistiques générales
  • Ce quiz a été pris 382 fois
  • Le résultat moyen est 7 sur 15
Statistiques - réponses
Par images Réponse % Correct
Robert de Niro
93%
James Dean
89%
Al Pacino
85%
Clint Eastwood
67%
Denzel Washington
67%
Dustin Hoffman
45%
Kurt Russell
33%
Christopher Walken
31%
Jeff Bridges
31%
Tony Curtis
28%
Gene Hackman
27%
Danny Glover
23%
Robert Mitchum
23%
John Goodman
22%
Gary Cooper
17%
Aucun quiz correspondant
Distribution des résultats
% des personnes avec chaque résultat
Percentile par nombre de réponses
Votre historique - résultats
Vous n’avez pas pris ce quiz